Guess the Lana Del Rey song #2 - Statistics

General Stats
  • This quiz has been taken 115 times
  • The average score is 9 of 15
Answer Stats
Hint Answer % Correct
When I was a waitress, wearing a __________ White dress
75%
Walked into the room, you know you made my eyes burn Blue Jeans
73%
We can slow dance to rock music, kiss while we do it Freak
70%
I'll run to you, I'll run to you, I'll run, run, run Old Money
70%
Light, camera, acción, if he likes me, takes me home Put Me In A Movie
67%
Sometimes it feels like I've got a war in my mind, I wanna get off but I keep riding the ride Get Free
65%
I'm flying to the moon again, dreaming about _______ Heroin
63%
If you don't get it, then forget it, 'cause I don't have to f***ing explain it Brooklyn Baby
60%
WHY, WHY, WHY, WHY, WHY, WHYYYYYYY Living Legend
60%
I took a train to Spain, just a notebook in my hands Paris, Texas
50%
It never was about the money or the drugs, for you there's only love Religion
49%
I was working down at the corner café, you drove by in a Chevrolet Every Man Gets His Wish
47%
Dope and diamonds, dope and diamonds Money Power Glory
46%
You're revvin' and revvin' and revvin' it up White Mustang
46%
This scene it feels like what I once saw on the screen Snow On The Beach (Taylor Swift, ft. Lana Del Rey)
36%
No matching quizzes found
Score Distribution
Percent of People with Each Score
Percentile by Number Answered
Your Score History
You have not taken this quiz